00563nam a22001577a 4500003000500000005001700005008004100022050002400063100002500087245008600112250001700198260007600215300004600291500005100337650001700388PILC20150810170404.0150810b xxu||||| |||| 00| 0 eng d aHG 4521b.Sa22 2011 aSantos, Rhoderick R. aEssentials of investments in the Philippine capital market/cRhoderick R. Santos. a2nd edition. aLas Piñas City:bSouthville International School and Colleges,c2011. axviii, 608 pages :billustrations;c23cm. aIncludes bibliographical references and index. aInvestments.